<?xml version="1.0" encoding="UTF-8"?>
<record
    xmlns:xsi="http://www.w3.org/2001/XMLSchema-instance"
    xsi:schemaLocation="http://www.loc.gov/MARC21/slim http://www.loc.gov/standards/marcxml/schema/MARC21slim.xsd"
    xmlns="http://www.loc.gov/MARC21/slim">

  <leader>04128nab a2200373 i 4500</leader>
  <controlfield tag="003">BR-BrBNA</controlfield>
  <controlfield tag="005">20240624124916.0</controlfield>
  <controlfield tag="008">240624b2023    bl.ar|pooa||| 00| 0 eng |</controlfield>
  <datafield tag="040" ind1=" " ind2=" ">
    <subfield code="a">BR-BrBNA</subfield>
    <subfield code="b">eng</subfield>
  </datafield>
  <datafield tag="072" ind1=" " ind2=" ">
    <subfield code="a">P34</subfield>
    <subfield code="b">0180</subfield>
  </datafield>
  <datafield tag="072" ind1=" " ind2=" ">
    <subfield code="a">F01</subfield>
  </datafield>
  <datafield tag="100" ind1=" " ind2=" ">
    <subfield code="a">Gerlach, Lu&#xED;s Felipe Rossetto </subfield>
  </datafield>
  <datafield tag="100" ind1=" " ind2=" ">
    <subfield code="a">Santi, Ant&#xF4;nio Luis </subfield>
  </datafield>
  <datafield tag="100" ind1=" " ind2=" ">
    <subfield code="a">Fornari, Ezequiel Zibetti </subfield>
  </datafield>
  <datafield tag="100" ind1=" " ind2=" ">
    <subfield code="a">Lobato, Guilherme Rechden </subfield>
  </datafield>
  <datafield tag="100" ind1=" " ind2=" ">
    <subfield code="a">Tonello, Larrisa Lamperti </subfield>
  </datafield>
  <datafield tag="245" ind1=" " ind2=" ">
    <subfield code="a">Soil enzymatic activity and wheat grain yield under cover crop systems</subfield>
  </datafield>
  <datafield tag="500" ind1=" " ind2=" ">
    <subfield code="a">Publica&#xE7;&#xE3;o on-line; 34 ref.; 3 tables; Summaries (En, Pt)</subfield>
  </datafield>
  <datafield tag="520" ind1=" " ind2=" ">
    <subfield code="a">

ABSTRACT - For years, the impacts of using cover crops in productive systems have been measured by their relation with soil chemical and physical characteristics. Consequently, the effects on the soil microbiological characteristics have been little explored. This research aimed to measure the short-term effects of cover crop systems on the enzymatic activity of arylsulfatase and betaglycosidase, as well as the wheat grain yield. Thirty-five cover crop systems (18 single and 17 intercropped) were implemented, with 3 replications of the following variables for each treatment: enzymatic activity of arylsulfatase and beta-glycosidase, soil organic matter and sulfur contents, and wheat grain yield. The data were submitted to descriptive analysis, multivariate cluster analysis by dendrograms for the single and intercropped plant systems, and t-test for independent samples between the average scores of each group in the dendrograms. Independently of the crop system, there were short-term effects on the enzymatic activity and grain yield. Plants from the same botanic family presented different effects among them. Therefore, in the shortterm, cover crops affect the enzymatic activity, and plants that present a higher enzymatic activity do not necessarily result in higher grain yields.


KEYWORDS: Bioindicators, soil enzymes, arylsulfatase, betaglycosidase.</subfield>
  </datafield>
  <datafield tag="520" ind1=" " ind2=" ">
    <subfield code="a">

RESUMO - Por anos, os impactos da utiliza&#xE7;&#xE3;o de plantas de cobertura em sistemas produtivos foram avaliados por meio de sua rela&#xE7;&#xE3;o com propriedades qu&#xED;micas e f&#xED;sicas do solo. Consequentemente, os efeitos nas caracter&#xED;sticas microbiol&#xF3;gicas do solo foram pouco explorados. Objetivou-se avaliar o efeito a curto prazo de sistemas de plantas de cobertura na atividade enzim&#xE1;tica de arilsulfatase e betaglicosidase, bem como o rendimento de gr&#xE3;os de trigo. Foram implantados 35 sistemas de plantas de cobertura (18 solteiros e 17 consorciados), com 3 repeti&#xE7;&#xF5;es para cada tratamento das seguintes vari&#xE1;veis: atividade enzim&#xE1;tica de arilsulfatase e betaglicosidase, teores de mat&#xE9;ria org&#xE2;nica e enxofre no solo e rendimento de gr&#xE3;os de trigo. Os dados foram submetidos a an&#xE1;lise descritiva, an&#xE1;lise multivariada de agrupamento por dendrogramas para os sistemas solteiro e consorciado e teste de t para amostras independentes entre as m&#xE9;dias de cada grupo dentro dos dendrogramas. Independentemente do sistema de cultivo, houve efeitos a curto prazo na atividade enzim&#xE1;tica e no rendimento de gr&#xE3;os. Plantas da mesma fam&#xED;lia bot&#xE2;nica apresentaram efeitos distintos entre si. Portanto, a curto prazo, as plantas de cobertura afetam a atividade enzim&#xE1;tica, e plantas que apresentam maior atividade enzim&#xE1;tica
n&#xE3;o necessariamente resultam em maiores rendimentos de gr&#xE3;os.


PALAVRAS-CHAVE: Bioindicadores, enzimas de solo, arilsulfatase, betaglicosidase.
</subfield>
  </datafield>
  <datafield tag="650" ind1=" " ind2=" ">
    <subfield code="a">TRIGO</subfield>
  </datafield>
  <datafield tag="650" ind1=" " ind2=" ">
    <subfield code="a">PLANTA DE COBERTURA</subfield>
  </datafield>
  <datafield tag="650" ind1=" " ind2=" ">
    <subfield code="a">BIOINDICADOR</subfield>
  </datafield>
  <datafield tag="650" ind1=" " ind2=" ">
    <subfield code="a">PLANTIO DIRETO</subfield>
  </datafield>
  <datafield tag="650" ind1=" " ind2=" ">
    <subfield code="a">AN&#xC1;LISE DO SOLO</subfield>
  </datafield>
  <datafield tag="650" ind1=" " ind2=" ">
    <subfield code="a">ENZIMA</subfield>
  </datafield>
  <datafield tag="650" ind1=" " ind2=" ">
    <subfield code="a">MAT&#xC9;RIA ORG&#xC3;NICA</subfield>
  </datafield>
  <datafield tag="650" ind1=" " ind2=" ">
    <subfield code="a">PROPRIEDADE F&#xCD;SICO-QU&#xCD;MICA</subfield>
  </datafield>
  <datafield tag="650" ind1=" " ind2=" ">
    <subfield code="a">RENDIMENTO</subfield>
  </datafield>
  <datafield tag="773" ind1="0" ind2=" ">
    <subfield code="0">3248</subfield>
    <subfield code="9">315782</subfield>
    <subfield code="d">Goi&#xE2;nia-GO UFG. Escola de Agronomia 1999</subfield>
    <subfield code="o">2024-2144</subfield>
    <subfield code="t">Pesquisa Agropecu&#xE1;ria Tropical (Brazil)</subfield>
    <subfield code="x">1517-6398</subfield>
    <subfield code="g">v. 53 p. 1-9; (2023)</subfield>
    <subfield code="w">BR2024001592</subfield>
  </datafield>
  <datafield tag="856" ind1=" " ind2=" ">
    <subfield code="u">https://www.scielo.br/j/pat/a/3GMGFth9WYjr4vGMTHLTzzP/?format=pdf&amp;lang=en</subfield>
  </datafield>
  <datafield tag="942" ind1=" " ind2=" ">
    <subfield code="c">Anal&#xED;tica</subfield>
  </datafield>
  <datafield tag="999" ind1=" " ind2=" ">
    <subfield code="c">300205</subfield>
    <subfield code="d">300205</subfield>
  </datafield>
</record>
